50 Best Fortnite EU players (current) - Statistics

General Stats
  • This quiz has been taken 91 times
    86 since last reset
  • The average score is 17 of 50
Answer Stats
Hint Answer % Correct
7 TaySon
77%
37 MrSavage
74%
2 Queasy
72%
1 Kami
66%
5 Malibuca
66%
8 Setty
65%
13 Vadeal
65%
16 JannisZ
62%
12 Merstach
58%
18 Andilex
54%
25 aqua
54%
3 HEN
54%
4 Th0masHD
51%
6 Chapix
46%
33 Noahreyli
46%
10 Anas
45%
22 Rezon ay
43%
11 Pinq
42%
17 Clement
38%
21 Xsweeze
38%
27 Floki
37%
29 TruleX
37%
48 PodaSai
34%
45 Snayzy
34%
24 Decyptos
32%
42 BadSniper
31%
41 IDrop
31%
43 Stompy
29%
15 Chico
28%
28 DKS
28%
47 Refsgaard
26%
34 Nebs
23%
35 Hellfire
20%
30 Mappi
20%
32 Vortex
20%
14 Trippernn
18%
26 zAndy
18%
31 Artskill
17%
40 Hijoe
15%
19 Merijn
15%
23 TChypSs
15%
20 Juu
14%
44 Flickzy
12%
46 Belusi
11%
50 FlowiS
11%
39 Joefn
9%
36 Raizen
5%
38 Vic0try0na
2%
49 YikesJxn
2%
9 Venο
0%
No matching quizzes found
Score Distribution
Percent of People with Each Score
Percentile by Number Answered
Your Score History
You have not taken this quiz since the last reset